Ecumenismo: manual de formación ecuménica

Gardado en:
Detalles Bibliográficos
Autor Principal: Sánchez Vaquero, José (Author)
Formato: Libro
Idioma:Lingua castelá
Publicado: Salamanca Centro Ecuménico Juan XXIII 1971
Subjects:
Tags: Engadir etiqueta
Sen Etiquetas, Sexa o primeiro en etiquetar este rexistro!

MARC

LEADER 00000nam a2200000 a 4500
001 UCL3628
003 CL-VaPUC
008 031205e19710000SP |||||||||||||||||spa|d
082 0 4 |a 262.0011  |b SAN  |2 21 
100 0 |a Sánchez Vaquero, José  |e author  |9 480985 
245 1 0 |a Ecumenismo: manual de formación ecuménica 
300 |a 635 p 
942 |c BK 
945 |d 20031205 00:00:00  |a vberengu 
260 |a Salamanca  |b Centro Ecuménico Juan XXIII  |c 1971 
650 0 |a Ecumenismo  |9 255639 
583 |a last modification  |c 20031205 00:00:00  |k Rodrigo Vera 
999 |c 306645  |d 306643 
952 |0 0  |1 0  |4 0  |6 262_001100000000000_SAN_1971  |7 0  |8 A  |9 371810  |a BIBTEO  |b BIBTEO  |d 2019-11-21  |i 209648K  |o 262.0011 SAN 1971  |p 209648K  |r 2025-01-17  |w 2019-11-21  |y BK  |k ICR 
952 |0 0  |1 0  |4 0  |6 262_001100000000000_SAN_1971  |7 0  |8 A  |9 371811  |a BIBTEO  |b BIBTEO  |d 2019-11-21  |i 2096536  |o 262.0011 SAN 1971  |p 2096536  |r 2025-01-17  |w 2019-11-21  |y BK  |k ICR 
952 |0 0  |1 0  |4 0  |6 262_001100000000000_SAN_1971  |7 0  |8 A  |9 371812  |a BIBTEO  |b BIBTEO  |d 2019-11-21  |i 4064518  |o 262.0011 SAN 1971  |p 4064518  |r 2025-01-17  |w 2019-11-21  |y BK  |k ICR